| Tag |
First Indicator |
Second Indicator |
Subfields |
| LEADER |
00000cam a22000008a 4500 |
| 001 |
in00000017933 |
| 005 |
20240429191600.6 |
| 008 |
870925s1988 nyuaf b 001 0beng |
| 010 |
|
|
|a 87027450
|
| 020 |
|
|
|a 0385236905 :
|c $18.95
|
| 035 |
|
|
|a (OCoLC)16831931
|
| 035 |
|
|
|9 AAB0412AM
|
| 040 |
|
|
|a DLC
|c DLC
|d TXA
|d UtOrBLW
|
| 049 |
|
|
|a TXAM
|c [A11082305]
|
| 050 |
0 |
0 |
|a KF373.C62
|b V66 1988
|
| 082 |
0 |
|
|a 349.73/092/4
|a B
|a 347.300924
|a B
|2 19
|
| 100 |
1 |
|
|a Von Hoffman, Nicholas.
|
| 245 |
1 |
0 |
|a Citizen Cohn /
|c Nicholas von Hoffman.
|
| 263 |
|
|
|a 8804
|
| 264 |
|
1 |
|a New York :
|b Doubleday,
|c 1988.
|
| 300 |
|
|
|a 483 pages, 16 pages of plates :
|b illustrations
|
| 336 |
|
|
|a text
|b txt
|2 rdacontent
|
| 337 |
|
|
|a unmediated
|b n
|2 rdamedia
|
| 338 |
|
|
|a volume
|b nc
|2 rdacarrier
|
| 500 |
|
|
|a The Cushing Library/Basbanes copy contains two pieces of ephemera.
|
| 500 |
|
|
|a The Cushing Library/Basbanes Collection copy is part of the Nicholas A. Basbanes Collection of Inscribed Books.
|
| 504 |
|
|
|a Bibliography: pages 465-469.
|
| 500 |
|
|
|a Includes index.
|
| 541 |
0 |
|
|a Donated by Nicholas A. Basbanes
|d 20151124
|
| 600 |
1 |
0 |
|a Cohn, Roy M.
|
| 650 |
|
0 |
|a Lawyers
|z United States
|v Biography.
|
| 948 |
|
|
|a cataloged
|b h
|c 2021/08/16
|e awday
|
| 999 |
|
|
|a MARS
|
| 999 |
f |
f |
|s 05cd2bae-4f01-3dfa-933a-ac241fa988af
|i ee2bf490-42d9-3792-a6e7-a6f4d3b39de4
|t 0
|
| 952 |
f |
f |
|p normal
|a Texas A&M University
|b College Station
|c Sterling C. Evans Library
|d Evans: Library Stacks
|t 0
|e KF373.C62 V66 1988
|h Library of Congress classification
|i unmediated -- volume
|m A14811082305
|
| 952 |
f |
f |
|p noncirc
|a Texas A&M University
|b College Station
|c Cushing Memorial Library & Archives
|d Cushing: Nicholas Basbanes (Does not check out)
|t 0
|e KF373.C62 V66 1988
|h Library of Congress classification
|i unmediated -- volume
|
| 998 |
f |
f |
|a KF373.C62 V66 1988
|t 0
|l Evans: Library Stacks
|
| 998 |
f |
f |
|a KF373.C62 V66 1988
|t 0
|l Cushing: Nicholas Basbanes (Does not check out)
|